Manažerská ekonomika

Na minha lista:
Detalhes bibliográficos
Autor principal: Synek, Miloslav
Formato: Livro
Idioma:tcheco
Publicado em: Praha GRADA 2000
Edição:2. přeprac. a rozšír. vyd.
Colecção:Expert
Assuntos:
Tags: Adicionar Tag
Sem tags, seja o primeiro a adicionar uma tag!

MARC

LEADER 00000nam a2200000 4500
001 c124321
005 20221108080709.3
020 |a 80-247-9069-6 
041 0 |a cze 
044 |a CZ 
245 1 0 |a Manažerská ekonomika  |c Miloslav Synek a kolektiv 
250 |a 2. přeprac. a rozšír. vyd. 
264 1 |a Praha  |b GRADA  |c 2000 
300 |a 475 s. 
490 1 |a Expert 
830 0 |a Expert 
610 2 0 |a založenie podniku 
610 2 0 |a kapitál finančný 
610 2 0 |a výnosy 
610 2 0 |a náklady 
610 2 0 |a výsledok hospodársky 
610 2 0 |a zisk 
610 2 0 |a inovácia 
610 2 0 |a marketing 
610 2 0 |a nákup 
610 2 0 |a výroba 
610 2 0 |a investície 
610 2 0 |a financie podnikové 
610 2 0 |a združenia podnikov 
610 2 0 |a analýzy 
610 2 0 |a kontroling 
610 2 0 |a revitalizácia 
610 2 0 |a audit 
100 1 |a Synek, Miloslav